<?xml version="1.0" encoding="UTF-8"?>
<record
    xmlns:xsi="http://www.w3.org/2001/XMLSchema-instance"
    xsi:schemaLocation="http://www.loc.gov/MARC21/slim http://www.loc.gov/standards/marcxml/schema/MARC21slim.xsd"
    xmlns="http://www.loc.gov/MARC21/slim">

  <leader>00507nam a22001695i 4500</leader>
  <datafield tag="999" ind1=" " ind2=" ">
    <subfield code="c">118145</subfield>
    <subfield code="d">118145</subfield>
  </datafield>
  <controlfield tag="001">20839375</controlfield>
  <controlfield tag="005">20200811155000.0</controlfield>
  <controlfield tag="008">190205s2019    nyu           000 0 eng  </controlfield>
  <datafield tag="020" ind1=" " ind2=" ">
    <subfield code="a">9783030126711</subfield>
  </datafield>
  <datafield tag="040" ind1=" " ind2=" ">
    <subfield code="c">PK-LaUMT</subfield>
  </datafield>
  <datafield tag="082" ind1=" " ind2=" ">
    <subfield code="a">307.12160941</subfield>
    <subfield code="b">UND-</subfield>
  </datafield>
  <datafield tag="245" ind1="0" ind2="0">
    <subfield code="a">Understanding the impacts of deregulation in planning :</subfield>
    <subfield code="b">turning offices into homes? /</subfield>
    <subfield code="c">by Ben Clifford . . . [et al.]</subfield>
  </datafield>
  <datafield tag="250" ind1=" " ind2=" ">
    <subfield code="a">225 p.</subfield>
  </datafield>
  <datafield tag="260" ind1=" " ind2=" ">
    <subfield code="a">Switzerland :</subfield>
    <subfield code="b">Palgrave Macmillan/</subfield>
    <subfield code="c">2019</subfield>
  </datafield>
  <datafield tag="300" ind1=" " ind2=" ">
    <subfield code="a">224 p.</subfield>
  </datafield>
  <datafield tag="942" ind1=" " ind2=" ">
    <subfield code="c">BK</subfield>
  </datafield>
  <datafield tag="952" ind1=" " ind2=" ">
    <subfield code="0">0</subfield>
    <subfield code="1">0</subfield>
    <subfield code="4">0</subfield>
    <subfield code="7">0</subfield>
    <subfield code="a">01</subfield>
    <subfield code="b">01</subfield>
    <subfield code="d">2020-08-11</subfield>
    <subfield code="l">0</subfield>
    <subfield code="o">307.12160941 UND-</subfield>
    <subfield code="p">134404</subfield>
    <subfield code="r">2020-08-11 00:00:00</subfield>
    <subfield code="w">2020-08-11</subfield>
    <subfield code="y">BK</subfield>
  </datafield>
</record>
